|
|
|
|
| LEADER |
01221nab#a2200289#ar4500 |
| 001 |
000065430 |
| 003 |
SVKKK |
| 005 |
19971003xxxxxxx. |
| 008 |
06 c xo huno |
| FMT |
|
|
|
| 038 |
|
|
|a SVKKK
|
| 040 |
|
|
|a SVKKK
|b slo
|e AACR2
|
| 041 |
0 |
|
|a hun
|
| 044 |
|
|
|a xo
|c SK
|
| 080 |
|
|
|a 614.2
|
| 242 |
1 |
0 |
|a Sanatórium v Rožňave
|
| 245 |
0 |
0 |
|a Szanatórium Rozsnyón
|
| 520 |
2 |
|
|a 6.10.1912 mal verejné zhromaždenie podporný spolok pre zriadenie mestského sanatória v Rožňave. Robotnícka nemocenská poisťovňa chce totiž v areáli kúpeľov zriadiť sanatórium pre 200-250 pacientov. O cieľoch hnutia informoval advokát Dr. Leopold (Lipót) Strausz. Predsedom spolku bol zvolený Ondrej (Andor) Aczél.
|
| 650 |
0 |
4 |
|a sanatórium mestské - Rožňava-kúpele - Robotnícka nemocenská poisťovňa, Rožňava (iniciátor) - spolok podporný - 6.10.1912 - zhromaždenie verejné - Aczél, Ondrej (predseda spolkový) - Strausz, Leopold (člen spolkový) - informácie
|
| 773 |
0 |
|
|t Sajó-Vidék : Vegyestartalmú hetilap
|g Roč. 15, č. 41 (10.10.1912) s. 2
|
| 957 |
|
|
|a Rožňava
|
| 958 |
|
|
|a DG
|
| 958 |
|
|
|a SK
|
| 974 |
|
|
|a ebl
|d 19971003
|
| 992 |
|
|
|a RBX
|
| BAS |
|
|
|
| 998 |
|
|
|a RETRO
|